000 01111cam a22003131 4500
999 _c18498
_d18498
001 10158282
003 BDDh-ASL
005 20231015025718.0
008 800508s1931 enk 000 0 eng
010 _a 32010442
035 _a(OCoLC)6295260
040 _aDLC
_cICIU
_dBDDh-ASL
_dDLC
042 _apremarc
043 _ae------
_ae-fr---
050 0 0 _aD359
_b.W6
082 _a940
_bWOW
100 1 _aWoodward, E. L.
_q(Ernest Llewellyn),
_d1890-1971.
245 1 0 _aWar and peace in Europe, 1815-1870:
_band other essays/
_cby E. L. Woodward.
260 _aLondon:
_bConstable & Co.,
_c1931.
300 _avii, 291 p.
_c23 cm.
505 0 _aWar and peace in Europe, 1815-1870.--Historical material and historical certainty; the nineteenth century.--French history and French memoirs, 1815-1850.
650 0 _aHistoriography.
650 0 _aHistory, Modern
_xSources.
651 0 _aEurope
_xPolitics and government
_y1815-1871.
651 0 _aFrance
_xHistory
_y1789-1900.
651 0 _aFrance
_xHistory
_y1789-1900
_xSources.
906 _a7
_bcbc
_coclcrpl
_du
_encip
_f19
_gy-gencatlg
942 _2ddc
_cBK